[Event "GER-ch Seniors-A 17th"]
[Site "Essen"]
[Date "2005.08.20"]
[Round "1"]
[White "Sarkosch, Nerssi"]
[Black "Hein, Manfred"]
[Result "0-1"]
[WhiteElo "1923"]
[BlackElo "2147"]
[PlyCount "104"]
[EventDate "2005.08.20"]
[EventType "swiss"]
[EventRounds "9"]
[EventCountry "GER"]
[SourceTitle "CBM 108 Extra"]
[Source "ChessBase"]
[SourceDate "2005.11.04"]
[SourceVersion "1"]
[SourceVersionDate "2005.11.04"]
[SourceQuality "1"]

1. c4 c6 2. g3 d5 3. Bg2 Nf6 4. Nf3 Bf5 5. cxd5 Nxd5 6. d3 Bg6 7. Qb3 Qb6 8. Qxb6 Nxb6 9. Nc3 f6 10. 0-0 e5 11. Be3 N8d7 12. Rfc1 Bd6 13. Nd2 0-0 14. Nce4 Be7 15. Nb3 Nd5 16. Bd2 Rfd8 17. Nec5 Nxc5 18. Nxc5 Rab8 19. b4 Nc7 20. a4 Bf7 21. b5 b6 22. Ne4 c5 23. Nc3 Nd5 24. a5 Nxc3 25. Bxc3 Bd5 26. axb6 axb6 27. Ra7 Bxg2 28. Kxg2 Bf8 29. Rca1 Rdc8 30. Rd7 Rd8 31. Raa7 Rxd7 32. Rxd7 Re8 33. Rb7 Re6 34. e3 Rd6 35. d4 exd4 36. exd4 Rd5 37. Rxb6 cxd4 38. Bd2 Kf7 39. Kf1 d3 40. f4 h5 41. Rb7+ Ke6 42. Kg2 g5 43. fxg5 fxg5 44. Kf3 Bc5 45. Rb8 g4+ 46. Kg2 Rf5 47. Bf4 Rxf4 48. gxf4 d2 49. Rd8 Bd6 50. f5+ Ke7 51. Rxd6 Kxd6 52. f6 d1Q 0-1

[Event "Niedersachsen-ch Seniors 39th"]
[Site "Wingst"]
[Date "2005.03.03"]
[Round "1"]
[White "Gelzenleichter, Siegfried"]
[Black "Sarkosch, Nerssi"]
[Result "1-0"]
[WhiteElo "2188"]
[BlackElo "1951"]
[PlyCount "115"]
[EventDate "2005.03.03"]
[EventType "swiss"]
[EventRounds "9"]
[EventCountry "GER"]
[SourceTitle "EXT 2006"]
[Source "ChessBase"]
[SourceDate "2005.11.24"]
[SourceVersion "1"]
[SourceVersionDate "2005.11.24"]
[SourceQuality "1"]

1. d4 d6 2. Nf3 g6 3. e4 Bg7 4. Nc3 Nf6 5. h3 0-0 6. Be3 a6 7. Qd2 b5 8. Bd3 Bb7 9. a3 Nc6 10. d5 Ne5 11. Nxe5 dxe5 12. Rd1 Qd7 13. Bg5 e6 14. Bxf6 Bxf6 15. dxe6 Qxe6 16. 0-0 Rfd8 17. Qe3 Be7 18. Be2 c5 19. Nd5 Bxd5 20. exd5 Qd6 21. c4 bxc4 22. Bxc4 a5 23. Rfe1 f6 24. f4 Re8 25. fxe5 fxe5 26. Qxe5 Qxe5 27. d6+ Kg7 28. Rxe5 Bf6 29. Rxc5 Bxb2 30. Rc7+ Kh6 31. a4 Be5 32. g4 Rad8 33. h4 Bxd6 34. g5+ Kh5 35. Rxh7+ Kg4 36. Kg2 Bc5 37. Rxd8 Rxd8 38. Be2+ Kf4 39. Rf7+ Ke3 40. Kf1 Rd4 41. h5 gxh5 42. g6 Rd6 43. Bxh5 Rd8 44. Kg2 Rg8 45. Kg3 Bd4 46. Kg4 Rg7 47. Kf5 Kd3 48. Rxg7 Bxg7 49. Ke6 Kc4 50. Kf7 Bc3 51. g7 Bxg7 52. Kxg7 Kb4 53. Be8 Kc5 54. Kf6 Kd6 55. Bb5 Kc5 56. Ke7 Kd5 57. Kd7 Kc5 58. Kc7 1-0

[Event "Wch Seniors 14th"]
[Site "Halle"]
[Date "2004.11.04"]
[Round "10"]
[White "Sarkosch, Nerssi"]
[Black "Daniel, Wolfgang"]
[Result "1-0"]
[WhiteElo "1901"]
[BlackElo "2107"]
[PlyCount "97"]
[EventDate "2004.10.24"]
[EventType "swiss"]
[EventRounds "11"]
[EventCountry "GER"]
[SourceTitle "EXT 2005"]
[Source "ChessBase"]
[SourceDate "2004.11.15"]
[SourceVersion "1"]
[SourceVersionDate "2004.11.15"]
[SourceQuality "1"]

1. c4 Nf6 2. g3 d6 3. Bg2 g6 4. Nc3 Bg7 5. e4 e5 6. Nge2 0-0 7. 0-0 Nbd7 8. f4 c6 9. h3 Nc5 10. d3 Bd7 11. Be3 Ne6 12. Qd2 Ne8 13. f5 Nd4 14. g4 Nxe2+ 15. Nxe2 f6 16. h4 gxf5 17. gxf5 Rf7 18. Ng3 Bf8 19. Nh5 Ng7 20. Nxg7 Rxg7 21. Kh2 Be8 22. Bf3 Rc8 23. Rg1 Rcc7 24. Rxg7+ Bxg7 25. Rg1 Kh8 26. Qg2 Qe7 27. h5 Qf8 28. Qd2 h6 29. Bxa7 Rd7 30. Bb6 Bf7 31. Qa5 Qe8 32. Qd2 Bxh5 33. Rg3 Bxf3 34. Rxf3 Kh7 35. Be3 d5 36. cxd5 cxd5 37. Qg2 dxe4 38. dxe4 Bf8 39. Rh3 Bg7 40. a4 Qf7 41. b4 Rd8 42. a5 Rg8 43. Qd2 Qf8 44. Qd7 Kh8 45. Qxb7 Qa8 46. Qxa8 Rxa8 47. Bxh6 Bxh6 48. Rxh6+ Kg7 49. Rh3 1-0

[Event "Wch Seniors 14th"]
[Site "Halle"]
[Date "2004.10.28"]
[Round "5"]
[White "Knab, Horst"]
[Black "Sarkosch, Nerssi"]
[Result "0-1"]
[WhiteElo "1474"]
[BlackElo "1901"]
[PlyCount "81"]
[EventDate "2004.10.24"]
[EventType "swiss"]
[EventRounds "11"]
[EventCountry "GER"]
[SourceTitle "EXT 2005"]
[Source "ChessBase"]
[SourceDate "2004.11.15"]
[SourceVersion "1"]
[SourceVersionDate "2004.11.15"]
[SourceQuality "1"]

1. Nf3 d6 2. d4 g6 3. c4 Bg7 4. Nc3 Nf6 5. e4 0-0 6. Be2 e5 7. dxe5 dxe5 8. 0-0 c6 9. Qc2 Qc7 10. Bg5 Na6 11. a3 Nc5 12. Rad1 Ne6 13. Bc1 Nd4 14. Nxd4 exd4 15. Rxd4 Ng4 16. Bxg4 Bxd4 17. Bf3 Be5 18. g3 Bh3 19. Bg2 Bxg2 20. Kxg2 Rad8 21. Bh6 Bg7 22. Bf4 Qe7 23. b4 Rd7 24. c5 Be5 25. Ne2 Bxf4 26. Nxf4 Rfd8 27. Qe2 Qe5 28. Qf3 Rd2 29. h4 h5 30. Kh3 Rc2 31. Rd1 Rxd1 32. Qxd1 Qxe4 33. f3 Qf5+ 34. g4 hxg4+ 35. fxg4 Qe4 36. Qd8+ Kg7 37. Nh5+ gxh5 38. Qg5+ Qg6 39. Qe5+ Kh7 40. Qxh5+ Qxh5 41. gxh5 0-1

[Event "Wch Seniors 14th"]
[Site "Halle"]
[Date "2004.10.25"]
[Round "2"]
[White "Sarkosch, Nerssi"]
[Black "Gruzmann, Boris"]
[Result "0-1"]
[WhiteElo "1901"]
[BlackElo "2283"]
[PlyCount "76"]
[EventDate "2004.10.24"]
[EventType "swiss"]
[EventRounds "11"]
[EventCountry "GER"]
[SourceTitle "EXT 2005"]
[Source "ChessBase"]
[SourceDate "2004.11.15"]
[SourceVersion "1"]
[SourceVersionDate "2004.11.15"]
[SourceQuality "1"]

1. c4 g6 2. g3 Bg7 3. Bg2 e5 4. Nc3 Ne7 5. e4 d6 6. Nge2 Nbc6 7. 0-0 h5 8. h3 Be6 9. Nd5 Qd7 10. f4 0-0-0 11. fxe5 dxe5 12. Nf6 Bxf6 13. Rxf6 Bxc4 14. Kh2 Ng8 15. Rf3 Bxe2 16. Qxe2 Nd4 17. Qf2 Nxf3+ 18. Qxf3 Nh6 19. a4 Qd4 20. Ra3 Ng4+ 21. Kh1 Nf2+ 22. Kh2 Nd3 23. Rc3 Rhf8 24. h4 Kb8 25. Qe2 Rd6 26. b3 Nxc1 27. Rxc1 Qxd2 28. Qf1 Rd3 29. b4 Qe3 30. Qe1 f5 31. exf5 gxf5 32. Qxe3 Rxe3 33. Bd5 f4 34. gxf4 Rxf4 35. Rg1 Rxh4+ 36. Kg2 Rg4+ 37. Kf2 Rxg1 38. Kxg1 c6 0-1

[Event "Niedersachsen-ch Seniors 38th"]
[Site "Wingst"]
[Date "2004.03.24"]
[Round "9"]
[White "Peleikis, Horst"]
[Black "Sarkosch, Nerssi"]
[Result "0-1"]
[WhiteElo "2041"]
[BlackElo "1901"]
[PlyCount "72"]
[EventDate "2004.03.16"]
[EventType "swiss"]
[EventRounds "9"]
[EventCountry "GER"]
[SourceTitle "EXT 2006"]
[Source "ChessBase"]
[SourceDate "2005.11.24"]
[SourceVersion "1"]
[SourceVersionDate "2005.11.24"]
[SourceQuality "1"]

1. Nf3 d6 2. g3 g6 3. Bg2 Bg7 4. 0-0 c5 5. e4 e5 6. d3 Nc6 7. Nbd2 Nge7 8. a4 0-0 9. Nc4 h6 10. Bd2 Be6 11. c3 Rb8 12. b4 cxb4 13. cxb4 b5 14. axb5 Rxb5 15. Ra4 d5 16. Na3 Rb7 17. Re1 dxe4 18. dxe4 Nd4 19. Nxd4 Qxd4 20. b5 Qd7 21. Qe2 Rd8 22. Be3 Nc8 23. Rb1 Nb6 24. Ra6 Qd3 25. Qxd3 Rxd3 26. Bf1 Rdd7 27. Bxb6 axb6 28. Bc4 Rd4 29. Bxe6 fxe6 30. Re1 Bf8 31. Kg2 Bc5 32. Nc2 Rd2 33. Ne3 Rf7 34. Ra8+ Kg7 35. Ng4 h5 36. Nxe5 Rfxf2+ 0-1

[Event "GER North-ch Seniors 6th"]
[Site "Bad Bevensen"]
[Date "2003.06.26"]
[Round "6"]
[White "Sarkosch, Nerssi"]
[Black "Lippmann, Ulrich"]
[Result "0-1"]
[WhiteElo "1656"]
[BlackElo "1904"]
[PlyCount "138"]
[EventDate "2003.06.??"]
[EventType "swiss"]
[EventRounds "9"]
[EventCountry "GER"]
[SourceTitle "EXT 2006"]
[Source "ChessBase"]
[SourceDate "2005.11.24"]
[SourceVersion "1"]
[SourceVersionDate "2005.11.24"]
[SourceQuality "1"]

1. c4 e5 2. g3 Nf6 3. Bg2 d5 4. cxd5 Nxd5 5. Nf3 Nc6 6. 0-0 Be7 7. d4 exd4 8. Nxd4 Nxd4 9. Qxd4 Nb4 10. Qxg7 Bf6 11. Qh6 Nc2 12. Nc3 Nxa1 13. Rd1 Bd7 14. Nd5 Be7 15. Qe3 Be6 16. Nc3 Qc8 17. Qe5 Rg8 18. Ne4 c6 19. Nf6+ Bxf6 20. Qxf6 Qc7 21. Bf4 Qe7 22. Qc3 Rd8 23. Rxa1 Kf8 24. Be4 f5 25. Bd3 Kf7 26. h4 Qxh4 27. Qa5 Qxf4 28. Qxd8 Qxg3+ 29. fxg3 Rxd8 30. Rf1 Kg6 31. b3 Kg5 32. Rf4 Rd7 33. Kf2 h5 34. Ke3 c5 35. Bc4 Bd5 36. Bd3 Re7+ 37. Kf2 Be4 38. Bc4 Re5 39. Kf1 Bb1 40. a4 b6 41. Kf2 Re4 42. e3 Re7 43. Ke2 Be4 44. Rh4 Rd7 45. Rf4 Bc2 46. Rf1 Be4 47. Rf4 Rh7 48. Rh4 Rg7 49. Kf1 Bc2 50. Rf4 Rd7 51. Ke2 Bd1+ 52. Ke1 Bg4 53. Be2 Re7 54. Kf2 Re4 55. Bxg4 hxg4 56. Ke2 Kf6 57. Kd2 Rxf4 58. exf4 Ke6 59. Ke3 Kd5 60. Kd3 a6 61. Kc3 b5 62. axb5 axb5 63. Kd3 b4 64. Ke3 c4 65. bxc4+ Kxc4 66. Kd2 b3 67. Kc1 Kd4 68. Kb2 Ke3 69. Kxb3 Kf3 0-1

[Event "Wch Seniors 13th"]
[Site "Bad Zwischenahn"]
[Date "2003.??.??"]
[Round "?"]
[White "Aigner, Georg"]
[Black "Sarkosch, Nerssi"]
[Result "0-1"]
[WhiteElo "1805"]
[BlackElo "1645"]
[PlyCount "82"]
[EventDate "2003.11.16"]
[EventType "swiss"]
[EventRounds "11"]
[EventCountry "GER"]
[SourceTitle "CBM 097 Extra"]
[Source "ChessBase"]
[SourceDate "2004.01.13"]
[SourceVersion "1"]
[SourceVersionDate "2004.01.13"]
[SourceQuality "1"]

1. e4 d6 2. d4 Nf6 3. Bd3 g6 4. Bg5 Bg7 5. Nf3 h6 6. Bd2 0-0 7. Nc3 Bg4 8. h3 Bxf3 9. Qxf3 Nc6 10. Ne2 Nd7 11. c3 e5 12. Bc4 exd4 13. cxd4 Nxd4 14. Nxd4 Bxd4 15. Bxh6 Ne5 16. Qe2 Nxc4 17. Qxc4 Bxf2+ 18. Kxf2 Qh4+ 19. g3 Qxh6 20. Rad1 Rae8 21. Kg2 Qg7 22. Rd2 Qe5 23. Re1 Re7 24. Ree2 Rfe8 25. Qb4 b6 26. Qc4 Qe6 27. Qa6 Qd7 28. Qc4 Re5 29. g4 Qe7 30. Kf3 Qh4 31. Kg2 Qe7 32. Kf3 Qf6+ 33. Kg3 Qf1 34. Qc6 Qg1+ 35. Kf3 Qh1+ 36. Kg3 Kg7 37. Qxc7 Rh8 38. Qxd6 Qxh3+ 39. Kf4 Rhe8 40. Rh2 Rxe4+ 41. Kg5 Qe3+ 0-1

[Event "Wch Seniors 13th"]
[Site "Bad Zwischenahn"]
[Date "2003.??.??"]
[Round "?"]
[White "Sarkosch, Nerssi"]
[Black "Spurga, Josef"]
[Result "0-1"]
[WhiteElo "1645"]
[BlackElo "1850"]
[PlyCount "134"]
[EventDate "2003.11.16"]
[EventType "swiss"]
[EventRounds "11"]
[EventCountry "GER"]
[SourceTitle "CBM 097 Extra"]
[Source "ChessBase"]
[SourceDate "2004.01.13"]
[SourceVersion "1"]
[SourceVersionDate "2004.01.13"]
[SourceQuality "1"]

1. c4 Nf6 2. g3 c6 3. Bg2 d5 4. Nf3 g6 5. b3 Bg7 6. Bb2 0-0 7. 0-0 Nbd7 8. Qc2 Re8 9. d3 Nf8 10. e4 dxe4 11. dxe4 Bg4 12. Ne5 Be6 13. Nd2 Qc8 14. Ndf3 N8d7 15. Ng5 Nxe5 16. Bxe5 Bd7 17. Rad1 h6 18. Nf3 Bg4 19. Rfe1 Qe6 20. Bc3 Rad8 21. Nd4 Bxd1 22. Rxd1 Qe5 23. f4 Qc7 24. Kh1 e5 25. fxe5 Qxe5 26. Bf3 Qe7 27. Re1 Nd7 28. e5 Nxe5 29. Bg2 Qd7 30. Nf3 Nxf3 31. Rxe8+ Rxe8 32. Bxf3 Bxc3 33. Qxc3 Qe6 34. Kg2 Qe1 35. Qd3 Qe3 36. Qd7 Re7 37. Qd8+ Kg7 38. Qd1 Re6 39. Qd7 Rf6 40. Qd1 Qe5 41. Qc2 Rd6 42. Bg4 Qg5 43. Kh3 Qf6 44. Qe2 h5 45. Bc8 b6 46. c5 bxc5 47. Ba6 Qe6+ 48. Qxe6 Rxe6 49. Bc4 Re7 50. Kg2 Kf6 51. Kf3 Ke5 52. h4 f6 53. g4 hxg4+ 54. Kxg4 Rh7 55. Bd3 Rg7 56. a4 Kd4 57. Bc4 Re7 58. Bg8 Re4+ 59. Kg3 f5 60. Bf7 Rg4+ 61. Kh3 Ke3 62. h5 gxh5 63. Bxh5 Rg7 64. Be8 f4 65. Bxc6 f3 66. Bd5 f2 67. Bg2 Ke2 0-1

[Event "Mecklenburg VP-ch Seniors 2nd"]
[Site "Sparow"]
[Date "2002.09.21"]
[Round "9"]
[White "Gottschalk, Juergen"]
[Black "Sarkosch, Nerssi"]
[Result "0-1"]
[WhiteElo "1342"]
[BlackElo "1657"]
[PlyCount "58"]
[EventDate "2002.09.??"]
[EventType "swiss"]
[EventRounds "9"]
[EventCountry "GER"]
[SourceTitle "EXT 2006"]
[Source "ChessBase"]
[SourceDate "2005.11.24"]
[SourceVersion "1"]
[SourceVersionDate "2005.11.24"]
[SourceQuality "1"]

1. e4 d6 2. d4 Nf6 3. Bd3 e5 4. d5 g6 5. h3 Bg7 6. Nf3 0-0 7. Be3 c6 8. c4 cxd5 9. cxd5 Na6 10. 0-0 Nh5 11. a3 Nf4 12. Bc2 Nc7 13. Nc3 f5 14. Ne2 Nxe2+ 15. Qxe2 f4 16. Bd2 b6 17. Rfe1 g5 18. g4 h5 19. Kh2 hxg4 20. hxg4 Bxg4 21. Rg1 Bh5 22. Qd3 g4 23. Ne1 Qh4+ 24. Kg2 f3+ 25. Kf1 Qh3+ 26. Ng2 fxg2+ 27. Rxg2 Rf3 28. Be3 g3 29. Qd2 Qh1+ 0-1

[Event "Mecklenburg VP-ch Seniors 2nd"]
[Site "Sparow"]
[Date "2002.09.14"]
[Round "2"]
[White "Sarkosch, Nerssi"]
[Black "Johannsen, Ingbert"]
[Result "1/2-1/2"]
[WhiteElo "1657"]
[BlackElo "2003"]
[PlyCount "98"]
[EventDate "2002.09.??"]
[EventType "swiss"]
[EventRounds "9"]
[EventCountry "GER"]
[SourceTitle "EXT 2006"]
[Source "ChessBase"]
[SourceDate "2005.11.24"]
[SourceVersion "1"]
[SourceVersionDate "2005.11.24"]
[SourceQuality "1"]

1. c4 Nf6 2. g3 c6 3. Bg2 d5 4. Nf3 Nbd7 5. b3 e5 6. cxd5 cxd5 7. d3 Bb4+ 8. Bd2 Bxd2+ 9. Nbxd2 0-0 10. 0-0 b6 11. e4 Ba6 12. exd5 e4 13. dxe4 Bxf1 14. Qxf1 Rc8 15. Nd4 Ne5 16. f4 Ng6 17. Nc4 a6 18. Nc6 Qc7 19. e5 Nxd5 20. Bxd5 b5 21. Nd6 Qb6+ 22. Qf2 Rxc6 23. Qxb6 Rxb6 24. Rc1 Ne7 25. Be4 f6 26. Rc7 fxe5 27. fxe5 Ng6 28. Bd5+ Kh8 29. Nf7+ Kg8 30. Ng5+ Kh8 31. e6 h6 32. Nf7+ Kh7 33. e7 Re8 34. Be4 Re6 35. Bf5 R6xe7 36. Rc6 Rxf7 37. Bxg6+ Kg8 38. Bxf7+ Kxf7 39. Rxa6 Re2 40. Rb6 Rxa2 41. Rxb5 Rb2 42. Rb7+ Kf6 43. b4 Kf5 44. h3 Ke4 45. Rf7 g5 46. h4 Rxb4 47. hxg5 hxg5 48. Kg2 Ke5 49. Kh3 Ke6 1/2-1/2

[Event "Mecklenburg VP-ch Seniors 2nd"]
[Site "Sparow"]
[Date "2002.09.13"]
[Round "1"]
[White "Gudat, Alfons"]
[Black "Sarkosch, Nerssi"]
[Result "0-1"]
[WhiteElo "2047"]
[BlackElo "1657"]
[PlyCount "101"]
[EventDate "2002.09.??"]
[EventType "swiss"]
[EventRounds "9"]
[EventCountry "GER"]
[SourceTitle "EXT 2006"]
[Source "ChessBase"]
[SourceDate "2005.11.24"]
[SourceVersion "1"]
[SourceVersionDate "2005.11.24"]
[SourceQuality "1"]

1. e4 d6 2. d4 Nf6 3. Bd3 e5 4. c3 g6 5. Nf3 exd4 6. cxd4 Bg7 7. 0-0 0-0 8. h3 c5 9. d5 Re8 10. Nc3 Na6 11. Bg5 h6 12. Bh4 Nc7 13. a4 a6 14. Re1 Rb8 15. a5 g5 16. Bg3 Nb5 17. Nxb5 axb5 18. e5 dxe5 19. Bxb5 Bd7 20. Bf1 Ra8 21. Bxe5 Rxa5 22. Rxa5 Qxa5 23. Bc3 Qa2 24. Rxe8+ Bxe8 25. d6 Qd5 26. Qxd5 Nxd5 27. Bxg7 Kxg7 28. Ne5 Nb6 29. Nd3 Nd7 30. f4 Kf6 31. fxg5+ hxg5 32. Nf2 Ke5 33. Bd3 Nf6 34. Nd1 Kxd6 35. Kf2 Nd5 36. g3 Bd7 37. h4 gxh4 38. gxh4 Ke5 39. Kg3 f5 40. Nc3 Nxc3 41. bxc3 b5 42. h5 b4 43. cxb4 cxb4 44. h6 Kf6 45. Kf4 Kg6 46. h7 Kxh7 47. Ke5 Kg6 48. Kd4 Be6 49. Kc5 b3 50. Kb4 Kg5 51. Kc3 0-1

[Event "GER North-ch Seniors 5th"]
[Site "Bad Bevensen"]
[Date "2002.06.30"]
[Round "9"]
[White "Neubert, Gerhard"]
[Black "Sarkosch, Nerssi"]
[Result "1-0"]
[WhiteElo "1988"]
[BlackElo "1556"]
[PlyCount "63"]
[EventDate "2002.06.??"]
[EventType "swiss"]
[EventRounds "9"]
[EventCountry "GER"]
[SourceTitle "EXT 2006"]
[Source "ChessBase"]
[SourceDate "2005.11.24"]
[SourceVersion "1"]
[SourceVersionDate "2005.11.24"]
[SourceQuality "1"]

1. e4 d6 2. d4 Nf6 3. Nc3 g6 4. f4 Bg7 5. Nf3 0-0 6. Be2 c5 7. d5 b5 8. e5 Ng4 9. h3 b4 10. Ne4 Nh6 11. 0-0 Nf5 12. g4 Nh6 13. Ng3 Na6 14. Be3 Nc7 15. Qd2 Kh8 16. c4 bxc3 17. bxc3 Rb8 18. f5 Ng8 19. e6 fxe6 20. fxe6 Bb7 21. Ng5 Nh6 22. Rxf8+ Qxf8 23. Rf1 Qc8 24. c4 Ba6 25. Qd3 Rb4 26. Qe4 Nb5 27. Nf7+ Nxf7 28. exf7 Nc3 29. Qxe7 Nxe2+ 30. Nxe2 Qf8 31. Bg5 Rb7 32. Qxf8+ 1-0

[Event "GER North-ch Seniors 5th"]
[Site "Bad Bevensen"]
[Date "2002.06.29"]
[Round "8"]
[White "Eickhoff, Hermann"]
[Black "Sarkosch, Nerssi"]
[Result "0-1"]
[WhiteElo "2068"]
[BlackElo "1556"]
[PlyCount "117"]
[EventDate "2002.06.??"]
[EventType "swiss"]
[EventRounds "9"]
[EventCountry "GER"]
[SourceTitle "EXT 2006"]
[Source "ChessBase"]
[SourceDate "2005.11.24"]
[SourceVersion "1"]
[SourceVersionDate "2005.11.24"]
[SourceQuality "1"]

1. e4 d6 2. f4 g6 3. Nf3 Nf6 4. Nc3 Bg7 5. d4 0-0 6. Be3 b6 7. Bd3 Bb7 8. Qe2 c5 9. 0-0-0 cxd4 10. Bxd4 Nc6 11. Bf2 Rc8 12. Rhg1 Ng4 13. h3 Nxf2 14. Qxf2 Na5 15. e5 Bxf3 16. Qxf3 Rxc3 17. bxc3 Qc7 18. Bb5 dxe5 19. c4 exf4 20. Rge1 e6 21. Rd7 Qc5 22. Qd3 Qb4 23. Re4 f3 24. gxf3 Bc3 25. f4 Qb2+ 26. Kd1 Qb1+ 27. Ke2 Qe1+ 28. Kf3 Qh1+ 29. Kf2 Qh2+ 30. Kf1 Qh1+ 31. Kf2 Bb4 32. Qf3 Bc5+ 33. Ke2 Qb1 34. Qd3 Qxa2 35. Kf3 Qa1 36. Qe2 Qc3+ 37. Qd3 Qf6 38. Qf1 Rd8 39. Rxd8+ Qxd8 40. Qd3 Qh4 41. Qf1 Qh5+ 42. Kg2 Nb7 43. Qe2 Qf5 44. Qf3 Nd6 45. Re2 Qf6 46. Rd2 Nf5 47. Qa8+ Kg7 48. Qd8 Nh4+ 49. Kg3 Nf5+ 50. Kh2 Be7 51. Qd3 Nh4 52. Kg3 Nf5+ 53. Kh2 Qh4 54. Qf3 Bd6 55. Rf2 Bc5 56. Rf1 Ne3 57. Rc1 Qf6 58. c3 Qf5 59. Re1 0-1

[Event "Lucky op 2nd"]
[Site "Hamburg"]
[Date "1999.10.17"]
[Round "3"]
[White "Sarkosch, Nerssi"]
[Black "Laube, Janina"]
[Result "1-0"]
[WhiteElo "1544"]
[BlackElo "1031"]
[PlyCount "45"]
[EventDate "1999.10.??"]
[EventType "swiss"]
[EventRounds "9"]
[EventCountry "GER"]
[SourceTitle "EXT 2001"]
[Source "ChessBase"]
[SourceDate "2000.11.22"]
[SourceVersion "1"]
[SourceVersionDate "2000.11.22"]
[SourceQuality "1"]

1. Nf3 Nc6 2. c4 e5 3. d3 Nf6 4. g3 Bb4+ 5. Nbd2 d6 6. Bg2 0-0 7. 0-0 Be6 8. a3 Ba5 9. b4 Bb6 10. Qc2 Rb8 11. c5 dxc5 12. bxc5 Ba5 13. Nb3 Bxb3 14. Qxb3 b6 15. cxb6 Bxb6 16. Qc3 Nd4 17. Ra2 Nd5 18. Qc4 Qd6 19. Nxd4 Bxd4 20. Qxd5 Qb6 21. Bd2 Rfd8 22. Qc4 Rd6 23. Bb4 1-0